[Event "Angers op 5th"]
[Site "Angers"]
[Date "2010.04.25"]
[Round "5"]
[White "Broin, Christian"]
[Black "Quintela, Francis"]
[Result "1-0"]
[WhiteElo "1755"]
[BlackElo "1575"]
[PlyCount "63"]
[EventDate "2010.04.23"]
[EventType "swiss"]
[EventRounds "6"]
[EventCountry "FRA"]
[SourceTitle "EXT 2011"]
[Source "ChessBase"]
[SourceDate "2010.11.26"]
[SourceVersion "1"]
[SourceVersionDate "2010.11.26"]
[SourceQuality "1"]

1. d4 Nf6 2. c4 e6 3. Nf3 b6 4. g3 Bb7 5. Bg2 c5 6. 0-0 cxd4 7. Qxd4 Bc5 8. Qd1 0-0 9. Nc3 d5 10. cxd5 Nxd5 11. Nxd5 Bxd5 12. Qc2 Qc7 13. e4 Bb7 14. Rd1 Nc6 15. Bf4 e5 16. Bd2 Rad8 17. Bc3 Qe7 18. a3 Nd4 19. Nxd4 exd4 20. Be1 Rfe8 21. b4 Bxe4 22. Qxe4 Qxe4 23. Bxe4 Rxe4 24. bxc5 bxc5 25. Kf1 c4 26. Rac1 d3 27. f3 Re2 28. Rxc4 Rxh2 29. Rxd3 Re8 30. Re4 Rh1+ 31. Kf2 Rh2+ 32. Kg1 1-0

[Event "Angers op 1st"]
[Site "Angers"]
[Date "2006.05.07"]
[Round "4"]
[White "Migot, Tangi"]
[Black "Quintela, Francis"]
[Result "1-0"]
[WhiteElo "1946"]
[BlackElo "1540"]
[PlyCount "66"]
[EventDate "2006.05.06"]
[EventType "swiss"]
[EventRounds "6"]
[EventCountry "FRA"]
[SourceTitle "EXT 2007"]
[Source "ChessBase"]
[SourceDate "2006.11.23"]
[SourceVersion "1"]
[SourceVersionDate "2006.11.23"]
[SourceQuality "1"]

1. f4 Nf6 2. Nf3 Nc6 3. e3 d5 4. b3 Bf5 5. a3 e6 6. Bb2 Be7 7. Be2 0-0 8. 0-0 Re8 9. Ne5 Bd6 10. d4 Qe7 11. c4 Ne4 12. Nxc6 bxc6 13. c5 Bxc5 14. dxc5 Qxc5 15. Bd4 Qd6 16. g4 Bg6 17. f5 exf5 18. gxf5 Bxf5 19. Bh5 g6 20. Bg4 Re6 21. Ra2 c5 22. Ba1 Qe7 23. Rg2 Bxg4 24. Qxg4 f5 25. Rxf5 Rf8 26. Rxf8+ Kxf8 27. Qf4+ Ke8 28. Bc3 Nxc3 29. Nxc3 d4 30. Nd5 Qd8 31. Nxc7+ Ke7 32. Nxe6 Qa5 33. Qc7+ Qxc7 1-0